000 00411 a2200157 4500
003 Nust
005 20170207154040.0
040 _cNust
100 _aGaras, John
245 _aThe Adaptive Signal Processing Toolbox (E-BOOK)
_bFor use with Matlab
_hDr. Eng. John Garas
260 _aASPT User Manual
_c2002
300 _a403 p
490 _aVersion 2.1
650 _aTelecommunication engineering.
651 _aE-Book
942 _2ddc
_cBK
999 _c192584
_d192584